Quantitative social science / (Record no. 33754)
[ view plain ]
| 000 -LEADER | |
|---|---|
| fixed length control field | 01147nam a2200313 a 4500 |
| 001 - CONTROL NUMBER | |
| control field | 33754 |
| 003 - CONTROL NUMBER IDENTIFIER | |
| rucl marc code | BD-RjUL |
| 005 - DATE AND TIME OF LATEST TRANSACTION | |
| control field | 20211209052044.0 |
| 008 - FIXED-LENGTH DATA ELEMENTS--GENERAL INFORMATION | |
| fixed length control field | 140511s2005 enka b 000 0 eng |
| 020 ## - INTERNATIONAL STANDARD BOOK NUMBER | |
| International Standard Book Number | 1412907403 (hbk. : 4 vol. set) |
| 035 ## - SYSTEM CONTROL NUMBER | |
| System control number | (BD-RjUL) |
| 040 ## - CATALOGING SOURCE | |
| Original cataloging agency | UKM |
| Language of cataloging | eng |
| Transcribing agency | UKM |
| Modifying agency | BAKER |
| -- | NLGGC |
| -- | HDC |
| -- | DLC |
| -- | BD-RjUL |
| 041 ## - LANGUAGE CODE | |
| Language code of text/sound track or separate title | eng |
| 082 04 - DEWEY DECIMAL CLASSIFICATION NUMBER | |
| Classification number | 300.72 |
| Edition number | 23 |
| Author mark and year | QUA 2005 |
| 245 00 - TITLE STATEMENT | |
| Title | Quantitative social science / |
| Statement of responsibility, etc. | edited by Jacqueline Scott and Yu Xie. |
| 260 ## - PUBLICATION, DISTRIBUTION, ETC. (IMPRINT) | |
| Place of publication, distribution, etc. | London : |
| Name of publisher, distributor, etc. | SAGE, |
| Date of publication, distribution, etc. | c2005. |
| 300 ## - PHYSICAL DESCRIPTION | |
| Pagination | 4 Vol. : |
| Illustrations | ill. ; |
| Size | 24 cm. |
| 490 ## - SERIES STATEMENT | |
| Series statement | Sage benchmarks in social research methods |
| 504 ## - BIBLIOGRAPHY, ETC. NOTE | |
| Bibliography, etc | Includes bibliographical references. |
| 505 0# - FORMATTED CONTENTS NOTE | |
| Formatted contents note | Vol. 1 (Overview and major issues)-- v. 2 (Data quality)-- v. 3 (Data analysis I)-- v. 4 (Data analysis II) |
| 650 #0 - SUBJECT ADDED ENTRY--TOPICAL TERM | |
| Topical term or geographic name as entry element | Social sciences |
| General subdivision | Methodology. |
| 9 (RLIN) | 102490 |
| Topical term or geographic name as entry element | Social sciences |
| General subdivision | Research. |
| 9 (RLIN) | 102491 |
| Topical term or geographic name as entry element | Kwantitatieve methoden. |
| Source of heading or term | gtt |
| 9 (RLIN) | 6962 |
| Topical term or geographic name as entry element | Sociale wetenschappen. |
| Source of heading or term | gtt |
| 9 (RLIN) | 4431 |
| 700 1# - ADDED ENTRY--PERSONAL NAME | |
| Personal name | Scott, Jacqueline L. |
| Personal name | Xie, Yu, |
| Dates associated with a name | 1959- |
| 830 ## - SERIES ADDED ENTRY--UNIFORM TITLE | |
| Uniform title | Sage benchmarks in social research methods |
| 942 ## - ADDED ENTRY ELEMENTS (KOHA) | |
| Source of classification or shelving scheme | Dewey Decimal Classification |
| Koha item type | Books |
| Lost status | Source of classification or shelving scheme | Damaged status | Not for loan | Collection code | Permanent Location | Current Location | Shelving location | Date acquired | Source of acquisition | Cost, normal purchase price | Total Checkouts | Full call number | Date last seen | Copy number | Koha item type |
|---|---|---|---|---|---|---|---|---|---|---|---|---|---|---|---|
| Dewey Decimal Classification | Not For Loan | Non-fiction | Central Library, University of Rajshahi | Central Library, University of Rajshahi | Reading Room | 02/09/2008 | Paragon Enterprise,Dhaka. | 575.00 | 300.72 QUA V-1 2005 | 11/05/2014 | C-1 | Books | |||
| Dewey Decimal Classification | Not For Loan | Non-fiction | Central Library, University of Rajshahi | Central Library, University of Rajshahi | Reading Room | 02/09/2008 | Paragon Enterprise,Dhaka. | 575.00 | 300.72 QUA V-4 2005 | 29/12/2016 | C-1 | Books | |||
| Dewey Decimal Classification | Not For Loan | Non-fiction | Central Library, University of Rajshahi | Central Library, University of Rajshahi | Reading Room | 02/09/2008 | Paragon Enterprise,Dhaka. | 575.00 | 300.72 QUA V-3 2005 | 29/12/2016 | C-1 | Books | |||
| Dewey Decimal Classification | Not For Loan | Non-fiction | Central Library, University of Rajshahi | Central Library, University of Rajshahi | Reading Room | 02/09/2008 | Paragon Enterprise,Dhaka. | 575.00 | 300.72 QUA V-2 2005 | 29/12/2016 | C-1 | Books |